Breves reflexiones sobre el matrimonio según J.R.R. Tolkien (notice n° 2209080)
[ vue normale ]
| 000 -LEADER | |
|---|---|
| fixed length control field | 00875cam a2200157 4500500 |
| 005 - DATE AND TIME OF LATEST TRANSACTION | |
| control field | 20260412000101.0 |
| 041 ## - LANGUAGE CODE | |
| Language code of text/sound track or separate title | fre |
| 042 ## - AUTHENTICATION CODE | |
| Authentication code | dc |
| 100 10 - MAIN ENTRY--PERSONAL NAME | |
| Personal name | Devaux, Michaël |
| Relator term | author |
| 245 00 - TITLE STATEMENT | |
| Title | Breves reflexiones sobre el matrimonio según J.R.R. Tolkien |
| 260 ## - PUBLICATION, DISTRIBUTION, ETC. | |
| Date of publication, distribution, etc. | 2026.<br/> |
| 500 ## - GENERAL NOTE | |
| General note | 22 |
| 520 ## - SUMMARY, ETC. | |
| Summary, etc. | En diversos escritos, desde una carta a su hijo hasta sus textos sobre las costumbres élficas, pasando por un cuento que evoca un matrimonio infeliz, Tolkien describe el matrimonio tal y como debería haber sido en un mundo no derrotado. Presenta la fidelidad como una relación con el tiempo ajustada al ser amado, en la que la mirada del otro se integra en nuestra experiencia del mundo. |
| 786 0# - DATA SOURCE ENTRY | |
| Note | Communio | 303 | 1 | 2026-02-09 | p. 109-119 | 0338-781X |
| 856 41 - ELECTRONIC LOCATION AND ACCESS | |
| Uniform Resource Identifier | <a href="https://shs.cairn.info/revista-communio-2026-1-page-109?lang=es&redirect-ssocas=7080">https://shs.cairn.info/revista-communio-2026-1-page-109?lang=es&redirect-ssocas=7080</a> |
Pas d'exemplaire disponible.




Réseaux sociaux